British genres : cinema and society, 1930-1960 /

Bibliographic Details
Main Author: Landy, Marcia, 1931-
Format: Book
Language:English
Published: Princeton, N.J. : Princeton University Press, [1991]
Subjects:

MARC

Tag First Indicator Second Indicator Subfields
LEADER 00000cam a2200000 a 4500
001 in00001044521
005 20150928153547.0
008 910102s1991 njua bq 001 0 eng
010 |a  91004354  
020 |a 0691031762 (cl) :  |c $65.00 
020 |a 0691008361 (pb) :  |c $19.95 
035 |a (OCoLC)23015394 
035 |9 AFH5913AM 
040 |a DLC  |c DLC  |d TXA  |d UtOrBLW 
043 |a e-uk--- 
049 |a TXAM 
050 0 0 |a PN1993.5.G7  |b L36 1991 
082 0 0 |a 302.23/43/0941  |2 20 
100 1 |a Landy, Marcia,  |d 1931- 
245 1 0 |a British genres :  |b cinema and society, 1930-1960 /  |c Marcia Landy. 
264 1 |a Princeton, N.J. :  |b Princeton University Press,  |c [1991] 
264 4 |c ©1991 
300 |a 553 pages :  |b 24 illustrations ;  |c 25 cm. 
336 |a text  |b txt  |2 rdacontent 
337 |a unmediated  |b n  |2 rdamedia 
338 |a volume  |b nc  |2 rdacarrier 
504 |a Filmography: pages [503]-520. 
504 |a Includes bibliographical references (pages [521]-533) and index. 
650 0 |a Motion pictures  |z Great Britain  |x History. 
650 0 |a Film genres. 
650 0 |a Motion picture plays  |z Great Britain  |x History and criticism. 
650 0 |a Motion pictures  |x Social aspects  |z Great Britain. 
999 |a MARS 
999 f f |s 3cdc3597-7e71-3bbb-bf7a-12ffc65fee00  |i 35d13f94-367d-3e56-a4e3-9309e2c76dcd  |t 0 
952 f f |p normal  |a Texas A&M University  |b College Station  |c Sterling C. Evans Library  |d Evans: Library Stacks  |t 0  |e PN1993.5.G7 L36 1991  |h Library of Congress classification  |i unmediated -- volume  |m A14815444892 
998 f f |a PN1993.5.G7 L36 1991  |t 0  |l Evans: Library Stacks